Roald Dahl Books - Statistics

General Stats
  • This quiz has been taken 33,947 times
    33,938 since last reset
  • The average score is 7 of 17
Answer Stats
Year Story % Correct
1964 Charlie and the Chocolate Factory
91%
1988 Matilda
77%
1961 James and the Giant Peach
76%
1982 The BFG
68%
1983 The Witches
61%
1980 The Twits
57%
1972 Charlie and the Great Glass Elevator
55%
1970 Fantastic Mr. Fox
43%
1981 George's Marvellous Medicine
36%
1975 Danny, the Champion of the World
35%
1989 Esio Trot
32%
1985 The Giraffe and the Pelly and Me
22%
1966 The Magic Finger
18%
1978 The Enormous Crocodile
14%
1943 The Gremlins
10%
1991 The Minpins
9%
1991 The Vicar of Nibbleswicke
6%
No matching quizzes found
Score Distribution
Percent of People with Each Score
Percentile by Number Answered
Your Score History
You have not taken this quiz since the last reset